Statistics for Vanoss and friends quiz

Click here to take the quiz!

General Stats

  • This quiz has been taken 88 times
  • The average score is 17 of 29

Answer Stats

HintAnswer% Correct
Who is the baby voiced monkey friend who doesn't want to destroy the gummy dragon?Lui Calibre
99%
What is his character model in most games of?Owl
99%
Who is his insane clown friend who loves his teddy and won't do a face reveal?H2ODelirious
97%
Who swears and rages the most and is in his garage with his brand new Lamborghini?I AM WILDCAT
97%
What is Vanoss's full YouTube name?VanossGaming
97%
who wears his underwear high and speaks gibberish?Daithi De Nogla
96%
Who was his first friend who looks like a hipster and was arrested by the fashion police?Moo Snuckel
93%
Who plays as a dinosaur or fin and sings the Olive Garden theme song?BasicallyIDoWrk
91%
Who plays as the Easter bunny and could rival Brian's Arnold's voice.Ohmwrecker
91%
Who is homeless can't stop wheezing and can stealth fart?BigJigglyPanda
90%
Who plays as the tax man meme streamer?Miniladd
90%
Who makes the worst merch and is always last to mini golf?Terroriser
88%
What is his super hero name?Bat Owl
87%
Who plays as Woody?Fourzer0seven
78%
Who is the one eyed devil?CaRtOoNz
76%
Who played as a cat?Racingcatz
73%
Who says lets go to Cockatoos?SilentDroidd
58%
Who plays as a jug of milk?Smii7y
58%
Who starred in the paranormal action squad with Evan and plays as a halo character?Mr Sark
36%
Who has white long hair and gets bullied for his drawing skills?Kryoz
34%
Who plays as a box bear?ChilledChaos
28%
Who starred in the paranormal action squad with Evan and inspired him to make videos?SeaNanners
27%
Who free rapped the Shotgun Farmers theme song?Legiqn
21%
who is a short stuffy Hagrid doing the splits?Sp00nerism
18%
who is a real Jedi and loves Friday the 13th?Bryce Games
9%
Who is a member of the elite force known as the flying squirrels?Mexicutioner
7%
Who played as the fox?Screwologist
4%
Who is the only girl to ever play GTA with them?Missesmae
3%
Who Like's to sing Radio Ga ga?Velocity HD
1%

Score Distribution

Percentile by Number Answered

Percent of People with Each Score

Your Score History

You have not taken this quiz